Most Common Adjectives Quiz Stats

 Plays Quiz Updated Oct 17, 2018

Also try: Common Passwords
Challenge
Share
Tweet
Embed
Score 0/25 Timer 05:00
0 Plays Today
Rank Adjective % Correct
12Big
73.4%
15Small
71.6%
1Good
66.8%
23Bad
63.3%
16Large
40.4%
7Little
38.1%
6Great
36%
10Old
32.5%
2New
25.2%
5Long
25.2%
19Young
21.4%
13High
19.8%
11Right
11.7%
Rank Adjective % Correct
3First
11.7%
4Last
10.7%
18Early
5.6%
21Few
5.3%
24Same
4.6%
14Different
4.4%
17Next
4.2%
9Other
3.1%
20Important
3%
25Able
2.8%
8Own
2.1%
22Public
2%

You're not logged in!

Compare scores with friends on all Sporcle quizzes.
OR
Log In

You Might Also Like...

Show Comments

Extras

Top Quizzes Today


Score Distribution

Your Account Isn't Verified!

In order to create a playlist on Sporcle, you need to verify the email address you used during registration. Go to your Sporcle Settings to finish the process.

Report this User

Report this user for behavior that violates our Community Guidelines.

Details: